000 00568nam a2200205 a 4500
001 0001-1516
003 ELIB.Books
008 170518 2010 eng
020 _a0385276494
092 _a610 Lew
_bMartha
100 _aLewis, Martha E.
245 _aThe Home Medical Manual
_bEverything You Need to Know About Health and Safety (P-Z)
260 _aNew York
_bDoubleday
_c1989
300 _a236
_c17.3 cm
650 _aMedical Science
942 _2ddc
_cBK
990 _a1
998 _aEnglishbooks.elf
_ccat
_e2017-05-18
999 _c11516
_d11516